000 00943nam a22002897a 4500
001 BR9000744
003 BR-BrBNA
005 20230928093356.0
007 ta
008 230509b bl.||||| |||| 00| 0 por d
040 _aBR-BrBNA
_bpor
_cBiblioteca Nacional de Agricultura
041 _a(Por)
072 _aH20
_b1410
_b4120
090 _ 1410 BR9000744
100 1 _aRebelo, J.A.
110 1 _aUniversidade Federal do Rio Grande do Sul, Porto Alegre (Brasil). Faculdade de Agronomia
_0Dissertacao (Mestre)
245 1 _aComportamento de cinco racas de Colletotrichum lindemuthianum em condicoes de laboratorio [fungo]
260 3 _aPorto Alegre, RS (Brasil):
_c1989.
300 _a127 p.
500 _a29 tables; 10 illus.; Summaries (Eng, Por); Bibliography p. 96-102 (74 ref.)
650 _aFEIJAO
650 _aANTRACNOSE
650 _aSINTOMA
650 _aINFECCAO
909 _a202309
_bLucia
_c55
_dLucia Elande
942 _cBK
999 _c44629
_d44629